[Event "EICC 2017"]
[Site "Minsk"]
[Date "2017.06.07"]
[Round "8"]
[White "Godena, Michele"]
[Black "Kobalia, Mikhail"]
[Result "1-0"]
[WhiteElo "2507"]
[BlackElo "2624"]
[Annotator "TA"]
[PlyCount "61"]
[EventDate "2017.??.??"]
[EventCountry "BLR"]
[SourceTitle "playchess.com"]
[Source "ChessBase"]
[SourceQuality "1"]

{[%evp 14,61,37,8,20,15,16,8,73,27,35,27,78,70,77,83,73,70,72,38,86,89,97,88,55,66,59,65,68,61,57,50,87,83,121,123,367,369,459,460,460,449,452,445,439,447,483,491,527,526]} 1. e4 g6 2. d4 Bg7 3. c3 d6 4. Nf3 Nf6 5. Bd3 Nbd7 6. O-O e5 7. Re1 O-O 8. Na3 Re8 {B07: Pirc Defence: Miscellaneous Systems} (8... b6 9. Bg5 Bb7 10. Qd2 Qe7 11. d5 c6 12. dxc6 Bxc6 13. Bb5 Rfc8 14. Rad1 Bf8 15. Bxc6 Rxc6 16. Nc2 Qe6 17. Nb4 Rc4 18. Bxf6 Nxf6 19. Qd3 Rc5 20. Qa6 Ra5 21. Qd3 Rc5 22. Qa6 Ra5 23. Qd3 {½-½ (23) Prusikin,M (2545)-Bezold,M (2523) Austria 2012}) 9. Bg5 h6 10. Bh4 b6 (10... a6 $11) 11. dxe5 dxe5 12. Bb5 {[%cal Bd3b5,Bb5c6,Bc6d5][%mdl 32]} Qe7 $146 (12... g5 $11) ({Predecessor:} 12... Re6 13. b4 Qe7 14. Bd3 Bb7 15. Qc2 Nf8 16. Nc4 {½-½ (69) Ciolac,G (2400)-Iordachescu,V (2425) Calarasi 1995}) 13. Bxf6 $16 Bxf6 14. Bc6 Rb8 15. Nb5 Rd8 16. Nxc7 {Black must now prevent Nd5.} Nc5 17. Nd5 Qe6 18. Nxf6+ Qxf6 19. Bd5 Be6 20. c4 b5 21. Qc2 bxc4 22. Qxc4 Rdc8 23. b4 Na4 24. Qa6 $36 {[%mdl 2048] Keeping Black busy.} Rxb4 $2 {[#]} (24... Nc3 $16 {is a better defense.}) 25. Qa5 $1 $18 {[%cal Ra5b4]} Rcb8 26. a3 {White is clearly winning.} R4b5 27. Qxa4 Bxd5 28. exd5 Rxd5 29. Qxa7 Rbd8 {intending ...e4.} 30. Qe3 g5 31. Nxe5 {Precision: White = 88%, Black = 35%.} 1-0

[Event "EICC 2017"]
[Site "Minsk"]
[Date "2017.06.07"]
[Round "8"]
[White "Soffer, Ram"]
[Black "Kovalev, Vladislav"]
[Result "0-1"]
[WhiteElo "2505"]
[BlackElo "2629"]
[Annotator "TA"]
[PlyCount "174"]
[EventDate "2017.??.??"]
[EventCountry "BLR"]
[SourceTitle "playchess.com"]
[Source "ChessBase"]
[SourceQuality "1"]

{[%evp 20,174,19,10,13,21,27,0,6,1,18,0,0,0,0,-20,-16,-16,-16,-21,-16,-20,-9,-30,0,0,0,-45,-26,-42,-31,-60,-54,-75,-75,-75,-75,-77,-85,-74,-83,-99,-97,-108,-110,-111,-114,-117,-53,-59,-62,-100,-29,-20,-5,-25,0,0,0,-4,-4,-31,0,0,0,0,0,0,0,0,0,0,0,0,0,0,0,0,-1,-7,0,0,0,-7,0,0,0,0,0,0,0,0,0,0,0,-12,0,0,0,0,0,0,0,0,0,0,-3,-6,0,-6,-3,-5,0,0,0,0,0,0,0,0,0,0,0,0,0,0,0,0,0,-22,-15,-2507,-2355,-12836,-12836,-12839,-12839,-12840,-12841,-12851,-29950,-12851,-12851,-12851,-29962,-29980,-29981,-12851,-29982,-12851,-29985,-12851,-29986,-12851,-29988,-12851,-29989]} 1. e4 e5 2. Nf3 Nc6 3. Bb5 a6 4. Ba4 Nf6 5. d3 b5 6. Bb3 Be7 7. a4 b4 8. a5 d6 9. Nbd2 O-O 10. O-O Rb8 {C84: Closed Ruy Lopez: Unusual White 6th moves} 11. Nc4 {LiveBook: 8 Games} Na7 $146 ({Predecessor:} 11... h6 12. h3 Be6 13. c3 Qc8 14. d4 exd4 15. cxd4 d5 16. exd5 Nxd5 17. Re1 Rd8 18. Bd2 {0-1 (31) Svidler,P (2749)-Karjakin,S (2779) Astana 2012}) 12. Bd2 (12. Be3 $5 {[%cal Re3a7]} c5 13. h3 $11) 12... Nd7 {The position is equal.} 13. Ne3 (13. Be3 $5 {[%cal Re3a7]} Nb5 14. h3 $11) 13... Nc5 14. Bc4 Be6 15. Bxe6 fxe6 16. Nc4 Nc6 17. b3 (17. Be3 $5 {[%cal Re3c5]}) 17... Rb5 18. Re1 Qd7 19. Ra2 Nb7 20. Ra4 Bf6 21. Re2 Qf7 22. Qe1 {[%cal Rd2b4]} Nc5 23. Ra2 (23. Rxb4 $5 Nxb4 24. Bxb4 $15) 23... h6 24. h3 Be7 25. Be3 Nd7 26. Bc1 Qh5 27. Ncd2 Rxa5 28. Rxa5 Nxa5 29. Bb2 Nc6 30. Qa1 Nc5 31. Nf1 Rxf3 32. gxf3 Qxh3 33. Ng3 h5 (33... a5 $17 34. Qf1 Qh4) 34. Qf1 $1 $15 {[%cal Rf1h3]} Qh4 35. Qg2 Bg5 ({Black should try} 35... Qg5 $17 36. Re1 Qd2) 36. Re1 $11 a5 37. Qh1 Qxh1+ (37... a4 {keeps more tension.} 38. Qxh4 Bxh4 39. bxa4 Nxa4 40. Rb1 g6) 38. Kxh1 a4 39. bxa4 Nxa4 40. Ba1 Bd2 41. Rg1 h4 42. Ne2 Kf7 {[#]} 43. f4 $1 {[%mdl 512]} Nc3 (43... Bxf4 44. Nxf4) 44. Bxc3 $1 bxc3 45. fxe5 Nxe5 {[%mdl 4096] Endgame KRN-KBN} 46. Rb1 Kf6 47. Rb3 Nf3 48. Nxc3 Nd4 49. Ra3 Be1 50. Nd1 Nxc2 51. Ra7 c6 52. Kg2 g5 53. Kf3 Nd4+ 54. Kg4 d5 55. f4 gxf4 56. Kxf4 Bg3+ 57. Ke3 Ke5 58. Rh7 Bf4+ 59. Kf2 Bg3+ 60. Ke3 {Black must now prevent Rh5+.} Nc2+ 61. Kd2 Ne1 62. exd5 cxd5 63. Nc3 Nf3+ 64. Ke2 Ng5 65. Rh8 Kf4 66. Nd1 Nh3 67. Rf8+ Ke5 68. Ke3 Bf4+ 69. Kf3 {Threatens to win with Kg4.} Bd2 70. Kg4 Nf4 71. Nf2 Ng6 (71... h3 $5) 72. Rf3 Kd4 73. Rf6 Ne5+ 74. Kh3 Be1 75. Kg2 $2 {[%mdl 8192]} (75. Rf8 $11) 75... Bxf2 $1 $19 76. Rxf2 Nxd3 {KR-KN} 77. Rf1 Ke3 78. Kh3 e5 79. Kxh4 e4 {[#]} (79... d4 $19 80. Kg4 e4) 80. Kg3 d4 {[%cal Bd5d4,Bd4d3][%mdl 32]} 81. Ra1 Nf4 82. Re1+ Ne2+ 83. Kg2 d3 84. Kf1 Kd2 (84... d2 $19 85. Rxe2+ Kd3) 85. Rb1 Nc3 (85... e3 $19 86. Rb2+ Kd1) 86. Rb2+ Kc1 87. Rb3 Kc2 {Precision: White = 55%, Black = 60%.} (87... e3 $19 88. Rxc3+ Kd2) 0-1

[Event "EICC 2017"]
[Site "Minsk"]
[Date "2017.06.07"]
[Round "8"]
[White "Salomon, Johan"]
[Black "Fedorchuk, Sergey A"]
[Result "0-1"]
[WhiteElo "2501"]
[BlackElo "2621"]
[Annotator "TA"]
[PlyCount "112"]
[EventDate "2017.??.??"]
[EventCountry "BLR"]
[SourceTitle "playchess.com"]
[Source "ChessBase"]
[SourceQuality "1"]

{[%evp 10,112,15,10,12,9,12,0,16,14,20,23,29,27,43,27,57,0,33,24,28,20,20,0,38,31,55,18,61,25,25,0,40,29,45,37,47,47,48,52,63,0,0,0,0,-3,0,0,0,-15,-25,-22,-15,-21,-17,-22,-26,-41,-31,-143,-127,-178,-207,-198,-208,-192,-202,-197,-216,-236,-227,-220,-228,-212,-228,-739,-740,-725,-725,-723,-661,-652,-641,-626,-615,-590,-564,-661,-616,-1403,-1441,-1020,-1263,-1179,-758,-1551,-1061,-1427,-1371,-12833,-2708,-12840,-12838,-12841,-12839]} 1. d4 Nf6 2. Nf3 e6 3. Bf4 Be7 4. h3 c5 5. e3 Qb6 (5... O-O 6. Nbd2 b6 7. c3 Bb7 8. Bd3 d6 9. O-O Nbd7 10. Bh2 Re8 11. Qe2 a6 12. e4 cxd4 13. cxd4 Bf8 14. a3 e5 15. dxe5 Nxe5 16. Nxe5 dxe5 17. Nf3 Bd6 {½-½ (41) Nguyen,H (2448)-Sivuk,V (2540) New Delhi 2017}) 6. Qc1 {LiveBook: 4 Games. A46: 1 d4 Nf6 2 Nf3 e6: Torre, London and Colle Systems} d5 7. c3 $146 ({Predecessor:} 7. Nbd2 Nc6 8. c3 Ne4 9. Nxe4 dxe4 10. Nd2 f5 11. Nc4 Qd8 12. dxc5 Bxc5 13. b4 Nxb4 14. cxb4 Bxb4+ {1-0 (31) Bruno,F (2425)-Kyriakides,T (2144) Gothenburg 2005}) 7... Bd7 8. Nbd2 {The position is equal.} O-O 9. a4 Rc8 10. Bd3 Nc6 11. Qb1 a6 12. O-O h6 13. Bh2 ({White should play} 13. dxc5 $14 Bxc5 14. a5 $1 {[%mdl 512]}) 13... Be8 (13... c4 $5 {[%cal Rc4d3]} 14. Bc2 Na5 $11) 14. Re1 (14. a5 $5 Qa7 15. Re1 $14) 14... Nd7 15. Bh7+ Kh8 {Strongly threatening ...g6.} 16. Bd3 Bf6 17. Bf1 Kg8 18. Bg3 (18. a5 $5 {[%cal Ra5b6]} Qd8 19. Qa2 $11) 18... g6 19. Qa2 Bg7 20. Rad1 Qd8 21. dxc5 Nxc5 22. e4 b5 23. exd5 exd5 24. Nb1 d4 25. Nxd4 ({Better is} 25. cxd4 $14 Nxa4 26. Nc3) 25... Nxd4 $11 26. cxd4 Nxa4 27. Qb3 Bc6 28. d5 $1 {[%cal Rd5c6]} Bd7 29. Be5 Bxe5 30. Rxe5 Qf6 $36 {[%mdl 2048] Black is pushing.} 31. Rde1 Rc1 {Hoping for ...Rxb1!} 32. Rxc1 Qxe5 33. Nc3 {Threatening Nxa4.} Rc8 34. g3 (34. Rc2 $15) 34... Kg7 $17 35. Qa3 (35. h4 $17 {was necessary.}) 35... a5 $1 $19 {[%cal Ba6a5,Ba5a4][%mdl 32]} 36. Qa1 Nxc3 37. bxc3 a4 38. Qb2 Kg8 $1 39. Bxb5 Rb8 $1 {[%cal Rb8b5]} (39... Bxh3 40. Qd2 $17) (39... Qxd5 40. Bxd7 Qxd7 41. Qb4 $15) 40. Qe2 Qxe2 $1 ({Less strong is} 40... Qxd5 41. c4 $15) 41. Bxe2 {[%mdl 4096] Endgame KRB-KRB} Bf5 $1 ({Weaker is} 41... Bxh3 42. Ra1 $11) 42. Bc4 $2 (42. d6 Bxh3 43. g4) 42... Rb1 $1 {[%cal Rb1c1] Black is clearly winning.} 43. Rf1 Bc2 $1 44. Rxb1 Bxb1 {KB-KB} 45. Kg2 Bc2 $1 {[%cal Rc2b3]} 46. d6 {[#]} Kf8 $1 47. d7 Ke7 48. Bxf7 Kxd7 49. g4 Ke7 50. Ba2 Bb3 51. Bb1 a3 52. Kg3 Kd6 (52... a2 $2 {[#]} 53. Bxa2 $1 {[%mdl 512]} Bxa2 54. Kf4 $19) 53. Kf4 Kd5 54. Ke3 g5 55. Kd2 Ke5 56. Ke3 Bd5 {Precision: White = 41%, Black = 68%.} 0-1

[Event "EICC 2017"]
[Site "Minsk"]
[Date "2017.06.07"]
[Round "8"]
[White "Lomasov, Semen"]
[Black "Tomczak, Jacek"]
[Result "0-1"]
[WhiteElo "2493"]
[BlackElo "2615"]
[Annotator "TA"]
[PlyCount "72"]
[EventDate "2017.??.??"]
[EventCountry "BLR"]
[SourceTitle "playchess.com"]
[Source "ChessBase"]
[SourceQuality "1"]

{[%evp 22,72,-9,-35,-37,-30,-24,-93,-99,-97,-92,-95,-116,-119,-95,-95,-95,-97,-95,-100,-105,-108,-107,-115,-102,-110,-110,-106,-103,-105,-107,-133,-129,-177,-170,-174,-171,-166,-167,-179,-171,-162,-164,-156,-114,-158,-160,-183,-187,-245,-254,-764,-753]} 1. e4 e6 2. d4 d5 3. Nc3 Nf6 4. e5 Nfd7 5. f4 c5 6. Nf3 Qb6 7. Be3 a6 8. Na4 Qa5+ 9. c3 cxd4 10. b4 Qc7 11. Bxd4 Nc6 {C11: French: Classical System: 4 e5 and 4 Bg5 dxe4} 12. Be2 {LiveBook: 3 Games} (12. Rc1 b5 13. Nb2 Nb6 14. Bf2 Nc4 15. Nxc4 dxc4 16. Be2 Bb7 17. O-O Rd8 18. Qc2 Be7 19. a4 {0-1 (40) Handke,F (2514)-Naiditsch,A (2684) Germany 2017}) 12... b5 13. Nb2 a5 {Black has an edge.} 14. Bxb5 $146 (14. a3 $11) ({Predecessor:} 14. O-O axb4 15. cxb4 Bxb4 16. Rc1 Qb7 17. f5 exf5 18. e6 fxe6 19. Bxg7 {0-1 (48) Huschenbeth,N (2459)-Kanmazalp,O (2381) Chotowa 2010}) 14... axb4 $17 15. O-O bxc3 16. Bxc3 Qb6+ 17. Nd4 Nxd4 18. Bxd7+ Bxd7 ({But not} 18... Kxd7 $6 19. Bxd4 Bc5 20. Bxc5 $11) 19. Bxd4 Bc5 20. Bxc5 Qxc5+ 21. Kh1 O-O 22. Rf3 Rfc8 23. Qd2 Qc2 24. Rf2 Qxd2 25. Rxd2 Bb5 26. Kg1 Ra3 27. Kf2 h5 28. Nd1 Bd3 29. Ne3 Kh7 30. Rad1 Rcc3 31. Rb2 Ra4 32. g3 Raa3 33. Rdd2 Be4 34. Nc2 {[#]} Rf3+ $1 35. Ke2 (35. Ke1 $142 Rac3 36. Nd4 Rc1+ 37. Ke2) 35... Rac3 $19 36. Rb3 $2 (36. Ke1) 36... Rxc2 {Precision: White = 52%, Black = 88%.} 0-1

[Event "EICC 2017"]
[Site "Minsk"]
[Date "2017.06.07"]
[Round "8"]
[White "Matinian, Nikita"]
[Black "Parligras, Mircea-Emilian"]
[Result "0-1"]
[WhiteElo "2491"]
[BlackElo "2607"]
[Annotator "TA"]
[PlyCount "72"]
[EventDate "2017.??.??"]
[EventCountry "BLR"]
[SourceTitle "playchess.com"]
[Source "ChessBase"]
[SourceQuality "1"]

{[%evp 31,72,2,22,22,24,22,25,29,33,34,41,21,28,13,17,10,52,70,61,56,56,52,81,75,59,55,43,0,0,0,8,8,20,-646,-632,-617,-616,-29989,-29990,-29990,-29991,-29993,-29994]} 1. e4 c5 2. Nf3 e6 3. d4 cxd4 4. Nxd4 Nc6 5. Nc3 a6 6. Be2 Qc7 7. O-O Nf6 8. Be3 d6 9. f4 Be7 10. Kh1 O-O 11. Qe1 Nxd4 12. Bxd4 b5 13. a3 Bb7 14. Qg3 Rad8 {[%cal Ba8d8,Bd8d7,Bd7e7,Be7e5][%mdl 32]} 15. Bd3 {B85: Sicilian Scheveningen: 6 Be2 a6, lines with early Be3} Rd7 16. Rae1 Bc6 {LiveBook: 9 Games} (16... Re8 17. Re2 h6 18. f5 e5 19. Be3 Kh7 20. Qf3 d5 21. exd5 Rxd5 22. Be4 Rd7 23. Bxb7 Qxb7 24. Qxb7 Rxb7 25. Rd1 Rc8 26. Nd5 Nxd5 27. Rxd5 a5 28. g3 Bf6 29. c3 {½-½ (29) Wagner,D (2568)-Rublevsky,S (2681) Germany 2017}) 17. Nd5 {The position is equal.} exd5 18. exd5 Bxd5 {[#]} 19. Rxe7 $1 {[%mdl 512]} Nh5 $1 {[%cal Rh5g3]} (19... Rxe7 20. Bxf6) 20. Qg5 $1 {[%csl LRd5,LRh5]} Rxe7 21. Qxd5 g6 $1 22. f5 {Black must now prevent g4.} Re5 23. Qf3 $146 {[#] fxg6 is the strong threat.} ({Predecessor:} 23. Bxe5 dxe5 {½-½ (33) Jacobs,B (2335)-Razuvaev,Y (2510) Cappelle-la-Grande 1987}) 23... Rfe8 24. f6 {Hoping for g4.} Re1 25. g4 Rxf1+ 26. Bxf1 {And now Bd3 would win.} Qxc2 {aiming for ...Qe4.} 27. gxh5 d5 28. Bc3 Qc1 $1 29. hxg6 $40 {[%mdl 128] White attacks.} hxg6 30. Kg2 Re4 31. h3 Kh7 32. Kh2 $2 {[%mdl 8192]} (32. Qd3 $11) 32... Rf4 $19 33. Qxd5 Qxf1 34. Qxf7+ Kh6 {Black mates.} 35. Qf8+ Kg5 36. Qc5+ Kh4 {Precision: White = 58%, Black = 68%.} 0-1

[Event "EICC 2017"]
[Site "Minsk"]
[Date "2017.06.07"]
[Round "8"]
[White "Shevchenko, Kirill"]
[Black "Bok, Benjamin"]
[Result "1/2-1/2"]
[WhiteElo "2491"]
[BlackElo "2598"]
[Annotator "TA"]
[PlyCount "158"]
[EventDate "2017.??.??"]
[EventCountry "BLR"]
[SourceTitle "playchess.com"]
[Source "ChessBase"]
[SourceQuality "1"]

{[%evp 28,158,0,0,0,0,0,-13,0,0,0,-25,0,0,12,0,0,7,0,-56,-66,-45,-53,-59,-72,-68,-75,-70,-36,-39,-34,-88,-95,-88,-88,-90,-91,-86,-87,-108,-108,-108,-108,-108,-108,-108,-108,-108,-108,-108,-108,-108,-108,-108,-108,-118,-118,-118,-118,-118,-97,-105,-105,-100,-100,-101,-100,-107,-60,-98,-59,-59,-59,-59,-59,-79,-79,-79,-69,-78,-59,-79,-78,-79,-79,-79,-78,-79,-78,-78,-58,-78,-43,-79,-79,-79,0,-78,0,-79,0,-79,-78,-77,-72,-81,-81,-81,-72,-81,-81,-81,-72,-86,-72,-82,-43,-43,-43,-50,-52,-82,-72,-72,-72,-81,-65,-79,-79,-73,-72,-79,-72]} 1. d4 Nf6 2. c4 e6 3. g3 Bb4+ 4. Bd2 Be7 5. Bg2 d5 6. Nf3 O-O 7. O-O Nbd7 8. Qc2 c6 9. Rd1 b6 10. Bf4 Ba6 {E08: Closed Catalan: Main Line: 7 Qc2} (10... Bb7 11. Ne5 Nh5 12. Bd2 Nhf6 13. cxd5 cxd5 14. Nc6 Bxc6 15. Qxc6 Rc8 16. Qb5 Ne8 17. Qd3 Nd6 18. Nc3 Nf6 19. b3 Qd7 20. Rac1 Rfd8 21. Rc2 Nde4 22. Be1 {½-½ (22) Radjabov,T (2710)-Gelfand,B (2724) Moscow 2017}) 11. Ne5 Rc8 12. cxd5 Nxd5 13. Nc3 {[%cal Bb1c3,Bc3e2,Be2g3][%mdl 32]} Nxe5 14. Bxe5 f6 15. Bf4 $1 {LiveBook: 11 Games} Nxf4 16. gxf4 f5 17. e3 Bb7 18. Ne2 Rf6 $146 19. Ng3 Bd6 20. Rac1 Kh8 21. Bf3 Rh6 22. Qa4 {[%cal Rf3c6]} a6 {[%cal Ba7a6,Ba6a5][%mdl 32]} ({Much weaker is} 22... Qh4 $6 23. Qxa7 Ba8 24. Rd3 $16 (24. Qxb6 g5 $11)) 23. Bxc6 (23. Rc3 $1 $11) 23... b5 $36 {[%cal Bb6b5,Bb5a4][%mdl 2080] Black has good play.} 24. Bxb7 Rxc1 (24... bxa4 $2 {perishes.} 25. Rxc8 Qg8 26. Rxg8+ $18) 25. Rxc1 bxa4 26. Rc8 {[#]} Qxc8 $1 27. Bxc8 {[%mdl 4096] Endgame KRB-KBN} a5 (27... a3 $5 {[%cal Ra3b2]} 28. b3 a5 $15) 28. a3 Rf6 29. Bd7 ({White should try} 29. Kg2 $15) 29... Rf8 $17 30. Bxa4 Rb8 31. b4 axb4 32. axb4 Bxb4 33. Bb3 Rb6 34. Kg2 g6 35. Bc4 Kg7 36. d5 exd5 37. Bxd5 Be1 38. Ne2 Rb2 39. Bc4 Kf6 40. h3 h6 41. Kf3 g5 42. fxg5+ hxg5 43. Bd3 Ke5 44. Bc4 Rc2 45. Be6 Rd2 46. Bc4 Rb2 47. Ba6 {[#]} f4 $1 {[%mdl 512]} 48. Bc4 (48. exf4+ gxf4) 48... Rc2 49. exf4+ gxf4 50. Bf7 Rd2 51. Bh5 Rd3+ 52. Kg2 Ba5 53. Ng1 Bb6 54. Ne2 Ra3 55. Ng1 Ra2 56. Ne2 Kf5 57. Kf3 Kg5 58. Bg4 Rb2 59. Kg2 Kf6 60. Bf3 Kf5 61. Bh5 Ra2 (61... Ke4 $17 62. Bf3+ Kf5 63. Bg4+ Kg5) 62. Bf3 (62. Kf3 $11 {keeps the balance.}) 62... Ke5 63. Bh5 $1 Ra3 (63... Ra8 $17 64. Bf3 Ra7) 64. Bf3 (64. Ng1 $1 $11) 64... Bd8 65. Bh5 Be7 66. Bf3 Bh4 67. Bh5 Rb3 68. Bf3 Rd3 69. Bh5 Ra3 {Hoping for ...Bf6.} 70. Bf3 Bg5 {Strongly threatening ...Ra2.} 71. Bh5 Ke4 {aiming for ...Ra6.} 72. Bg6+ Kd5 {( -> ...f3+)} 73. Ng1 Bd8 74. Bh5 Ke4 75. Bg6+ {[#]} Ke5 $1 {[%cal Re5e6] And now ...Ke6 would win.} 76. Bh5 Kf5 {White must now prevent ...Be7.} 77. Bf3 Ra7 {Black is better.} 78. Bg4+ Ke5 79. Ne2 Bb6 {Precision: White = 55%, Black = 46%.} 1/2-1/2

[Event "EICC 2017"]
[Site "Minsk"]
[Date "2017.06.07"]
[Round "8"]
[White "Teterev, Vitaly"]
[Black "Rozum, Ivan"]
[Result "1/2-1/2"]
[WhiteElo "2487"]
[BlackElo "2606"]
[Annotator "TA"]
[PlyCount "81"]
[EventDate "2017.??.??"]
[EventCountry "BLR"]
[SourceTitle "playchess.com"]
[Source "ChessBase"]
[SourceQuality "1"]

{[%evp 12,81,8,3,11,-11,-10,-5,0,0,0,-52,-62,-75,-35,-70,-69,-66,-23,-40,-35,-60,-51,-93,-93,-92,-110,-144,-126,-131,-70,-79,0,0,0,0,0,0,22,-115,-34,-122,-33,-66,0,0,0,0,0,0,0,0,0,0,0,0,0,0,0,0,0,0,0,0,0,0,0,0,0,0,0,0]} 1. Nf3 Nf6 2. g3 b6 3. Bg2 Bb7 4. O-O c5 5. d3 g6 6. e4 d6 7. Nc3 Bg7 {A05: Réti Opening: 1 Nf3 Nf6} 8. Nh4 {[#] Hoping for e5!} (8. e5 dxe5 9. Nxe5 Qc8 10. Re1 O-O 11. a4 Bxg2 12. Kxg2 Nc6 13. Nxc6 Qxc6+ 14. Qf3 Qxf3+ 15. Kxf3 {½-½ (47) Benidze,D (2478)-Solodovnichenko,Y (2587) Cesme 2015}) 8... Nc6 9. f4 $1 e6 10. a4 $146 ({Predecessor:} 10. f5 O-O 11. g4 d5 12. g5 dxe4 13. gxf6 Bxf6 14. Nxe4 Bxh4 15. f6 {½-½ (25) Hergott,D (2430)-O'Donnell,T (2410) Hamilton 1994}) 10... Qd7 11. g4 (11. f5 $11) 11... O-O-O $15 12. h3 Kb8 13. Nb5 Ne8 14. c3 Nc7 15. Be3 d5 16. Nxc7 Qxc7 17. exd5 exd5 {[%cal Be6d5,Bd5d4][%mdl 32]} 18. Bd2 Rhe8 19. Nf3 {[%cal Bh4f3,Bf3e1,Be1g2][%mdl 32]} d4 20. c4 {[#]} Nb4 ({Black should play} 20... Re3 $1 $17 {[%mdl 512]} 21. Ne1 (21. Bxe3 dxe3) 21... Rde8) 21. Ne1 Rd7 (21... Bxg2 $17 22. Kxg2 a5) 22. Bxb4 $11 cxb4 23. Bxb7 Qxb7 24. Ng2 Rde7 (24... h5 $5) 25. Qf3 (25. a5 $11 {keeps the balance.}) 25... Re2 (25... Qxf3 $17 26. Rxf3 a5) 26. Qxb7+ $15 Kxb7 27. Rf2 $1 a5 ({Better is} 27... Ka6 $15) 28. Kf1 $11 {The position is equal.} Rxf2+ $1 29. Kxf2 {[%mdl 4096] Endgame KRB-KRN} b3 30. Ra3 Bf8 31. Rxb3 Bb4 32. Kf3 Kc6 33. Kf2 Kd6 34. Kf3 h6 35. Kf2 g5 36. Kf3 Ke6 37. h4 $1 {[%cal Bh3h4,Bh4h5][%mdl 32]} Kf6 38. h5 $1 Re7 39. f5 Ke5 40. Kf2 Kd6 41. Kf3 {Precision: White = 55%, Black = 72%.} 1/2-1/2

[Event "EICC 2017"]
[Site "Minsk"]
[Date "2017.06.07"]
[Round "8"]
[White "Schreiner, Peter"]
[Black "Bosiocic, Marin"]
[Result "0-1"]
[WhiteElo "2483"]
[BlackElo "2603"]
[Annotator "TA"]
[PlyCount "142"]
[EventDate "2017.??.??"]
[EventCountry "BLR"]
[SourceTitle "playchess.com"]
[Source "ChessBase"]
[SourceQuality "1"]

{[%evp 11,142,2,8,0,11,14,25,17,7,10,39,28,35,30,35,23,31,20,98,42,70,34,45,20,25,23,48,20,20,13,41,10,16,10,16,0,0,-21,0,0,0,0,0,0,0,0,0,0,0,0,0,0,0,0,0,-17,0,-5,0,-8,-8,-23,-8,-13,-7,-29,-14,-29,-29,-29,-22,-15,-16,-29,-29,-29,-29,-29,-29,-29,-29,-38,-29,-53,-29,-52,-29,-49,-29,-35,-29,-32,-29,-39,-36,-102,-92,-105,-98,-105,-58,-162,-162,-166,-154,-166,-165,-165,-147,-299,-299,-290,-283,-397,-344,-589,-506,-488,-468,-731,-685,-734,-712,-641,-624,-889,-877,-827,-795,-1592,-1473,-5919,-5899]} 1. d4 d5 2. c4 e6 3. Nf3 Nf6 4. e3 b6 5. Nc3 Bd6 6. Bd3 Bb7 {LiveBook: 76 Games} 7. Qe2 {E14: Queen's Indian: Classical Variation (4 e3)} Ne4 8. Nd2 $146 {[%cal Rc3e4]} ({Predecessor:} 8. Bxe4 dxe4 9. Nd2 f5 10. f3 Qh4+ 11. Qf2 Qxf2+ 12. Kxf2 exf3 13. gxf3 Nd7 14. Nb5 a6 15. Nxd6+ cxd6 {0-1 (44) Degerman,L (2462)-Johannessen,L (2556) Sweden 2005}) 8... f5 9. cxd5 {White has an edge.} exd5 10. g4 Nd7 11. gxf5 {[%cal Rd2e4]} Qh4 12. Ndxe4 dxe4 13. Bc4 O-O-O 14. Bd2 Rhe8 (14... Rhf8 $11) 15. O-O-O (15. a4 $16) 15... Nf6 $14 16. Nb5 Kb8 17. Nxd6 cxd6 18. Kb1 Bc8 19. Bb5 Re7 20. Rc1 Qg4 21. Bb4 {next Qxg4 is good for White.} Qxe2 22. Bxe2 Nd5 23. Bd2 Bxf5 24. h4 Be6 (24... Nf4 $5 25. Bb5 Nd3 $11) 25. b3 Rf7 26. Be1 Rc8 27. Rxc8+ (27. Rg1 {looks sharper.} Rxc1+ 28. Kxc1 Kc7 29. Kb2 Nf6 30. f3) 27... Kxc8 28. Kb2 Kd7 29. Rg1 Ke7 30. Bh5 g6 31. Be2 Rf5 (31... Nb4 $5) 32. Bg4 Rf8 33. Be2 Kf6 (33... Nb4 $5) 34. Bd2 Kg7 35. Be1 h6 36. Rh1 Kh7 37. Rh2 Rf6 38. Rh1 Bc8 39. Rg1 Ne7 40. Rg2 Bb7 41. Rh2 Bd5 42. Rg2 Nf5 43. Rh2 h5 44. Kc2 Rf7 45. Rh3 a5 46. Kd2 Re7 (46... Be6 $5 {[%cal Rf5d4]}) 47. Rh2 Kg7 48. Rh3 Kf6 49. Rh2 Bc6 50. Kc2 Rc7 {aiming for ...Bb5+.} 51. Kb2 Bd5 52. Rh3 Rh7 53. f4 (53. Rh1 $15) 53... exf3 $1 $17 54. Bxf3 Bxf3 55. Rxf3 {[%mdl 4096] Endgame [#] KRB-KRN} Re7 $1 56. Bf2 {[#]} (56. Bg3 $15) 56... g5 $1 $19 57. hxg5+ Kxg5 58. Kc3 d5 59. Kd3 Re4 {Threatens to win with ...Kg4.} 60. Rh3 $2 (60. Bg1 $17) 60... h4 61. Rh1 Kg4 62. Kd2 (62. Bxh4 {was called for.} Nxh4 63. Rg1+ Kh5 64. Re1) 62... Kf3 63. Ke1 $2 (63. Rh2 {was forced.}) 63... Ng3 {Black is clearly winning.} 64. Rh2 Rg4 65. a4 (65. Bg1 $142 Nf5 66. Rf2+ Kxe3 67. Rg2+ Kf3 68. Rxg4 Kxg4 69. Kf2) 65... Nf5 66. Rh1 Re4 67. Rh2 Nxe3 68. Rh3+ Kg2 69. Rxh4 Ng4+ 70. Kd2 Nxf2 71. Rh6 Rxd4+ {Precision: White = 32%, Black = 64%.} 0-1

[Event "EICC 2017"]
[Site "Minsk"]
[Date "2017.06.07"]
[Round "8"]
[White "Girya, Olga"]
[Black "Fedorov, Alexei"]
[Result "1/2-1/2"]
[WhiteElo "2476"]
[BlackElo "2598"]
[Annotator "TA"]
[PlyCount "41"]
[EventDate "2017.??.??"]
[EventCountry "BLR"]
[SourceTitle "playchess.com"]
[Source "ChessBase"]
[SourceQuality "1"]

{[%evp 29,41,42,35,14,24,33,32,19,20,0,22,0,37,0]} 1. d4 Nf6 2. c4 g6 3. Nc3 Bg7 4. e4 d6 5. Be2 O-O 6. Be3 Nbd7 7. Nf3 e5 8. O-O Re8 9. Qc2 exd4 10. Nxd4 c6 11. Rad1 Qe7 12. f3 {E94: King's Indian: Classical: 6 Be2 e5 7 0-0: Various Black 7th moves} a5 (12... a6 13. Bf2 Ne5 14. Qd2 b5 15. Nc2 Be6 16. Qxd6 Qxd6 17. Rxd6 Nh5 18. cxb5 axb5 19. Be3 Bf8 {½-½ (35) Wojtaszek,R (2734)-Baklan,V (2594) Chartres 2017}) 13. Rfe1 Nc5 14. Bf1 a4 15. Qd2 Nfd7 {LiveBook: 4 Games} 16. Nc2 Be5 17. Bg5 Qf8 18. Bh6 $146 ({Predecessor:} 18. Bh4 Nf6 19. Nd4 Nh5 20. Bg5 f5 21. exf5 Bxf5 22. Nxf5 Qxf5 23. Be3 Qf6 {½-½ (23) Mende,I (2180)-Blumbergs,I (2208) ICCF email 2010}) 18... Qe7 19. Bg5 Qf8 $1 20. Bh6 Qe7 21. Bg5 1/2-1/2